[Event "Malmo op"]
[Site "Malmo"]
[Date "2012.12.15"]
[Round "2"]
[White "Bae, Torstein"]
[Black "Stojanovski, Sandi"]
[Result "1-0"]
[WhiteElo "2442"]
[BlackElo "2226"]
[PlyCount "117"]
[EventDate "2012.12.14"]
[EventType "swiss"]
[EventRounds "7"]
[EventCountry "SWE"]
[SourceTitle "EXT 2014"]
[Source "ChessBase"]
[SourceDate "2013.11.20"]
[SourceVersion "1"]
[SourceVersionDate "2013.11.20"]
[SourceQuality "1"]

1. e4 c5 2. Nf3 Nc6 3. d4 cxd4 4. Nxd4 Nf6 5. Nc3 e5 6. Ndb5 d6 7. Bg5 a6 8. Na3 b5 9. Nd5 Be7 10. Bxf6 Bxf6 11. c4 b4 12. Nc2 a5 13. g3 0-0 14. Bg2 Be6 15. 0-0 Rc8 16. b3 Bxd5 17. exd5 Nb8 18. a3 bxa3 19. Nxa3 Na6 20. Nb5 Qb6 21. Be4 Nc5 22. Bc2 e4 23. Ra2 Rfe8 24. Qd2 Ra8 25. Re1 g6 26. h4 h5 27. Kg2 Bg7 28. Re2 f5 29. Qf4 Rad8 30. Qe3 Kh7 31. Qd2 Nb7 32. b4 axb4 33. Qxb4 Bd4 34. Ra7 Ra8 35. Rxb7+ Qxb7 36. Qxd6 Be5 37. Qb4 Ra2 38. Bd1 Rxe2 39. Bxe2 f4 40. gxf4 Bxf4 41. Qc5 Qf7 42. Nd4 Qf6 43. Ne6 Qxh4 44. Nxf4 Qxf4 45. Qe3 Qe5 46. Qg3 Kg7 47. d6 Qxg3+ 48. Kxg3 Kf6 49. c5 Rd8 50. Kf4 h4 51. Bg4 e3 52. fxe3 g5+ 53. Ke4 Re8+ 54. Kd4 Rh8 55. c6 h3 56. Bxh3 Rxh3 57. c7 Rh4+ 58. e4 Rh8 59. d7 1-0

[Event "Malmo op"]
[Site "Malmo"]
[Date "2012.12.15"]
[Round "5"]
[White "Bae, Torstein"]
[Black "Svensson, Anders1111"]
[Result "1-0"]
[WhiteElo "2442"]
[BlackElo "2108"]
[PlyCount "67"]
[EventDate "2012.12.14"]
[EventType "swiss"]
[EventRounds "7"]
[EventCountry "SWE"]
[SourceTitle "EXT 2014"]
[Source "ChessBase"]
[SourceDate "2013.11.20"]
[SourceVersion "1"]
[SourceVersionDate "2013.11.20"]
[SourceQuality "1"]

1. e4 c5 2. Nf3 d6 3. d4 cxd4 4. Nxd4 Nf6 5. Nc3 a6 6. Bc4 e6 7. 0-0 Be7 8. Qf3 0-0 9. a4 Qc7 10. Ba2 Nc6 11. Nxc6 bxc6 12. Qg3 Nh5 13. Qh3 Nf6 14. Kh1 d5 15. Qf3 Bb4 16. Bf4 Qa5 17. e5 Bxc3 18. bxc3 Ne4 19. c4 Nd2 20. Bxd2 Qxd2 21. Bb3 Rb8 22. Rad1 Qb4 23. Rd4 c5 24. Rg4 d4 25. Rd1 Bb7 26. Qf4 h5 27. Rg5 g6 28. h3 Rfd8 29. Rd3 Qe1+ 30. Kh2 Rd7 31. Rdg3 Qe2 32. f3 Qe3 33. Qf6 Qe1 34. Rxg6+ 1-0

[Event "NOR-chT 1213"]
[Site "Norway"]
[Date "2012.11.02"]
[Round "5"]
[White "Bae, Torstein"]
[Black "Gabrielsen, Trond"]
[Result "1-0"]
[WhiteElo "2442"]
[BlackElo "2277"]
[PlyCount "76"]
[EventDate "2012.11.02"]
[EventType "team-tourn"]
[EventRounds "9"]
[EventCountry "NOR"]
[SourceTitle "EXT 2014"]
[Source "ChessBase"]
[SourceDate "2013.11.20"]
[SourceVersion "1"]
[SourceVersionDate "2013.11.20"]
[SourceQuality "1"]
[WhiteTeam "Oslo SK 1911"]
[BlackTeam "Bergens"]
[WhiteTeamCountry "NOR"]
[BlackTeamCountry "NOR"]

1. d4 Nf6 2. c4 g6 3. Nc3 Bg7 4. e4 d6 5. Nf3 0-0 6. Be2 e5 7. 0-0 exd4 8. Nxd4 Re8 9. f3 Nc6 10. Be3 Nh5 11. Nxc6 bxc6 12. Qd2 f5 13. c5 d5 14. Bg5 Bf6 15. Bxf6 Nxf6 16. exd5 Nxd5 17. Bc4 Be6 18. Rfe1 Kg7 19. Bxd5 cxd5 20. Nb5 Qd7 21. Qc3+ Kg8 22. c6 Qd8 23. Qe5 Bf7 24. Qxc7 Qh4 25. Qa5 Rxe1+ 26. Rxe1 Qc4 27. c7 Qc5+ 28. Kh1 a6 29. a4 d4 30. b4 Qc4 31. Nd6 Qc3 32. Rg1 Qc6 33. c8Q+ Rxc8 34. Nxc8 Qxc8 35. b5 axb5 36. axb5 Bd5 37. b6 Qc6 38. Rb1 Qc2 1-0

[Event "Harstad op-A"]
[Site "Harstad"]
[Date "2012.10.19"]
[Round "4"]
[White "Bae, Torstein"]
[Black "Kiik, Kalle"]
[Result "1-0"]
[WhiteElo "2430"]
[BlackElo "2419"]
[PlyCount "83"]
[EventDate "2012.10.19"]
[EventType "swiss"]
[EventRounds "6"]
[EventCountry "NOR"]
[SourceTitle "EXT 2013"]
[Source "ChessBase"]
[SourceDate "2012.11.22"]
[SourceVersion "1"]
[SourceVersionDate "2012.11.22"]
[SourceQuality "1"]

1. e4 g6 2. d4 Bg7 3. Nf3 d6 4. Bc4 Nf6 5. Qe2 Nc6 6. e5 dxe5 7. dxe5 Ng4 8. e6 Bxe6 9. Bxe6 fxe6 10. Ng5 Nd4 11. Qxg4 Nxc2+ 12. Ke2 Nd4+ 13. Kf1 Qd5 14. Nc3 Qc4+ 15. Kg1 h6 16. Nge4 0-0-0 17. h3 h5 18. Qd1 Be5 19. Be3 Rhf8 20. Qf1 Qb4 21. Qc1 h4 22. Rb1 Kb8 23. Qf1 b6 24. a3 Qb3 25. Nd2 Qc2 26. Nc4 Bg3 27. Qe1 Bf4 28. Bxf4 Rxf4 29. Ne3 Qb3 30. Kh2 Nc2 31. Nxc2 Qxc2 32. Rf1 g5 33. Qe5 Rd2 34. Qxg5 Rfxf2 35. Rxf2 Rxf2 36. Rg1 Rf5 37. Qg8+ Kb7 38. Qxe6 Qf2 39. Qe4+ Ka6 40. Nd5 Qg3+ 41. Kh1 e6 42. Nb4+ 1-0